Months Of The Year Quiz - Statistics

General Stats
  • This quiz has been taken 383 times
  • The average score is 9 of 12
Answer Stats
Hint Answer % Correct
1 January
93%
6 June
86%
3 March
86%
4 April
85%
5 May
84%
2 February
83%
7 July
83%
8 August
73%
9 September
73%
12 December
67%
11 November
67%
10 October
67%
No matching quizzes found
Score Distribution
Percent of People with Each Score
Percentile by Number Answered
Your Score History
You have not taken this quiz